| 000 | 00535nam a22001817a 4500 | ||
|---|---|---|---|
| 003 | BD-ChCU | ||
| 005 | 20260331105141.0 | ||
| 008 | 260331b ca ||||| |||| 00| 0 engd | ||
| 020 | _a0969373309 | ||
| 040 | _cBD-ChCU | ||
| 082 |
_223 _a621.3678 F981 |
||
| 245 |
_aFundamentals of remote sensing: _ba Canada centre for remote sensing tutorial/ |
||
| 260 |
_aCanada: _bNatural ressources, _c1988 |
||
| 300 | _a258 P . : | ||
| 504 | _aIncludes. | ||
| 650 | 0 |
_aRemote sensing tecchology ; Data processing. _920975 |
|
| 942 |
_2ddc _cBK _n0 |
||
| 999 |
_c111959 _d111959 |
||